000 00617nam a22001937a 4500
005 20131009152147.0
010 _aENG-107936
020 _c575.00
_a9789350352991
035 _aEN-91469
037 _bDBAD/PUB
082 _a346.540166
100 _aDas, P.K.
245 0 0 _aRights of divorced wife and widows /
_cby P.K. Das
260 _aDelhi
_bUniversal Law Publishing
_c2013
270 _aC-FF-1A, Dilkhus Industrial Estate, (Near Azadpur Metro Station) G.T. Karnal Road,
_bDelhi
_e110033
300 _axliv,552p.
_c24cm(pbk)
500 _aIncludes index
942 _2ddc
_cEN
_mDAS
_h346.540166
999 _c77375
_d77375